00739nam a2200229 a 4500001001000000003000500010005001700015008004100032010001100073011001100084040000900095100003200104245007800136260003900214300003700253502005600290650002600346650004400372650003200416650002400448650003700472000109776CHAP20220329144103.0140527s2012 mx |rm |0|||||spa d a106238 a107210 cCHAP00aServín Juárez, Roselia.10aEssays on Microfinance in Latin America /cpor Roselia Servín Juárez. aWageningen, NL :bEl autor,c2012. a210 p. :bil., gráfs., tablas. aTesis (Ph. D. en Ciencias) -- Wageningen University14aAhorro e inversión.14aAmérica LatinaxAspectos económicos14aFinanzasxAmérica Latina.14aFinanzasxMéxico.14aMéxicoxAspectos económicos.